PRVÝ STUPEŇ TEPELNÉHO ROZKLADU DOLOMITU ZA PODMIENOK FLUIDIZÁCIE (II)

Bibliographic Details
Main Author: Proks, Ivo, 1926-2011 (Author)
Format: Article
Language:Slovak

MARC

LEADER 00000nab a2200000uu 4500
001 vtls010880203
003 SK-MaSNL
005 20260303163741.0
008 230303|1958 xo |||||||||||||||||slo|
015 |a SNBRB 
035 |a (urnnbn)urn:nbn:sk:snk:ar-005x7y 
035 |a (uuid)cf89e2a4-a27a-4e83-bae4-2ceb999dc04b 
035 |a urn:nbn:sk:snk-ab7ogk 
040 |a SNKBUCL  |b slo  |c SNKBUCL  |e AACR2 
041 0 |a slo 
044 |a xo  |c SK 
100 1 |a Proks, Ivo,  |d 1926-2011  |4 aut  |9 155543 
245 1 0 |a PRVÝ STUPEŇ TEPELNÉHO ROZKLADU DOLOMITU ZA PODMIENOK FLUIDIZÁCIE (II)  |c Ivo Proks 
773 0 |t Chemické zvesti  |g Roč. 12, č. 7 (1958), s. 419-429 
958 |a OND 
958 |a EUIPO 
958 |a article8 
999 |c 2061007  |d 2062937